Visualizzazione normale
Vista MARC
- Bertrand Dominique
di Personal Name
Records bibliografici associati: 1
001 - CONTROL NUMBER
- control field: 56477
003 - CONTROL NUMBER IDENTIFIER
- control field: IT-RoPau
005 - DATE AND TIME OF LATEST TRANSACTION
- control field: 20170523173059.0
008 - FIXED-LENGTH DATA ELEMENTS
- fixed length control field: 170523|| aca||aabn | a|a d
040 ## - CATALOGING SOURCE
- Original cataloging agency: IT-RoPau
- Transcribing agency: IT-RoPau
100 ## - HEADING--PERSONAL NAME
- Personal name: Bertrand Dominique
670 ## - SOURCE DATA FOUND
- Source citation: Work cat.: (IT-RoPau): Bertrand Dominique, L'amitié dans l'amour. Crises de la foi et progres doctoral, 2015